000 00285nam a22001217a 4500
008 230629b xxu||||| |||| 00| 0 eng d
082 _a333.736
_bODU
100 _cC.H.K Muchoki
245 _aLand-use in Kwale District
260 _aKenya
_bGOK
_c1990
300 _a34[
942 _2ddc
_cBK
999 _c2958
_d2958